000 00767nam a2200205Ia 4500
003 OSt
005 20240809121827.0
008 210210b1999 xxu||||| |||| 00| 0 eng d
040 _cAL
041 _aKannada
082 _a361.954K SHAB
100 _aSHANKAR RAV (Cha Na).
_dಶಂಕರ್ ರಾವ್ (ಚ ನ)
_9176146
245 _aBharatadalli samajika samasyegalu mattu samajika vighatane.
_bಭಾರತದಲ್ಲಿ ಸಾಮಾಜಿಕ ಸಮಸ್ಯೆಗಳು ಮತ್ತು ಸಾಮಾಜಿಕ ವಿಘಟನೆಗಳು.
260 _aMangaluru.
_bJai Bharath Prakashana.,
_c1999
300 _a372...
650 _aSocial problems disorganisation india
_9176147
690 _aSocial Problems
_9176148
906 _a058099
942 _2ddc
_cBK
999 _c105722
_d105722